Airline Logos Easy - Statistics

General Stats
  • This quiz has been taken 74 times
  • The average score is 13 of 16
Answer Stats
Picture Answer % Correct
Virgin
95%
American
92%
Delta
92%
Swiss
92%
British
88%
Emirates
86%
KLM
83%
Lufthansa
83%
Qantas
83%
Ryan
83%
United
83%
Canada
78%
Qatar
76%
Turkish
76%
Etihad
61%
Air France
59%
No matching quizzes found
Score Distribution
Percent of People with Each Score
Percentile by Number Answered
Your Score History
You have not taken this quiz